<?xml version="1.0" encoding="UTF-8"?>
<record
    xmlns:xsi="http://www.w3.org/2001/XMLSchema-instance"
    xsi:schemaLocation="http://www.loc.gov/MARC21/slim http://www.loc.gov/standards/marcxml/schema/MARC21slim.xsd"
    xmlns="http://www.loc.gov/MARC21/slim">

  <leader>01427nam a22001817a 4500</leader>
  <controlfield tag="003">IT-RoPau</controlfield>
  <controlfield tag="005">20220918175936.0</controlfield>
  <controlfield tag="008">121204b        xxu||||| |||| 00| 0 eng d</controlfield>
  <datafield tag="040" ind1=" " ind2=" ">
    <subfield code="c">IT-RoPau</subfield>
  </datafield>
  <datafield tag="100" ind1=" " ind2=" ">
    <subfield code="a">Alberione Giacomo</subfield>
    <subfield code="q">Fondatore Famiglia Paolina</subfield>
    <subfield code="9">19</subfield>
  </datafield>
  <datafield tag="245" ind1=" " ind2=" ">
    <subfield code="a">Che io ami con il tuo cuore.</subfield>
    <subfield code="b">Pensieri di un quaderno personale</subfield>
  </datafield>
  <datafield tag="250" ind1=" " ind2=" ">
    <subfield code="a">I</subfield>
  </datafield>
  <datafield tag="260" ind1=" " ind2=" ">
    <subfield code="a">Roma</subfield>
    <subfield code="b">SSP</subfield>
    <subfield code="c">1985</subfield>
  </datafield>
  <datafield tag="300" ind1=" " ind2=" ">
    <subfield code="a">58 p.</subfield>
    <subfield code="c">21 cm</subfield>
  </datafield>
  <datafield tag="490" ind1=" " ind2=" ">
    <subfield code="a">Edizioni Archivio Storico Generale della Famiglia Paolina</subfield>
    <subfield code="v">I</subfield>
  </datafield>
  <datafield tag="520" ind1=" " ind2=" ">
    <subfield code="a">Indice

Presentazione
Confiteor
Leggete le Sacre Scritture
La morte del religioso fervente
Il religioso tiepido
... peccato
Voto di Povert&#xE0;
Voto di Castit&#xE0;
...formazione... spirito religioso    
Tentazione contro i voti
L' inferno
...regola dello stato religioso
Unico male nello stato religioso : la tiepidezza
Peccati proprii
Peccato veniale...della vita religiosa
Confiteor
Con il Crocifisso
Perch&#xE8; sono creato
...sono religioso
...sono sacerdote
Uso delle creature
...stato religioso
...stato religioso...concupiscenze
...stato religioso...meriti
Benemerenze dei religiosi
Paradiso pel religioso
Vita comune dolcezza del religioso
Giudizio universale del religioso
Ges&#xF9; Cristo Via del religioso
Ges&#xF9; Cristo Verita' del religioso
Ges&#xF9; Cristo Vita del religioso
...al Divin Maestro
Maria ed il religioso
...nel religioso
San Paolo modello ai religiosi
Ges&#xF9; Maestro...religioso
Note
Appendice </subfield>
  </datafield>
  <datafield tag="942" ind1=" " ind2=" ">
    <subfield code="2">ddc</subfield>
    <subfield code="c">BK</subfield>
  </datafield>
  <datafield tag="999" ind1=" " ind2=" ">
    <subfield code="c">37605</subfield>
    <subfield code="d">37605</subfield>
  </datafield>
  <datafield tag="952" ind1=" " ind2=" ">
    <subfield code="0">0</subfield>
    <subfield code="1">0</subfield>
    <subfield code="2">ddc</subfield>
    <subfield code="4">0</subfield>
    <subfield code="6">P_A6</subfield>
    <subfield code="7">1</subfield>
    <subfield code="a">PAULUS</subfield>
    <subfield code="b">PAULUS</subfield>
    <subfield code="d">2013-02-02</subfield>
    <subfield code="l">0</subfield>
    <subfield code="o">P A6</subfield>
    <subfield code="r">2013-02-02 00:00:00</subfield>
    <subfield code="w">2013-02-02</subfield>
    <subfield code="y">BK</subfield>
  </datafield>
  <datafield tag="952" ind1=" " ind2=" ">
    <subfield code="0">0</subfield>
    <subfield code="1">0</subfield>
    <subfield code="2">ddc</subfield>
    <subfield code="4">0</subfield>
    <subfield code="6">P_A6</subfield>
    <subfield code="7">1</subfield>
    <subfield code="a">PAULUS</subfield>
    <subfield code="b">PAULUS</subfield>
    <subfield code="d">2013-11-18</subfield>
    <subfield code="l">0</subfield>
    <subfield code="o">P A6</subfield>
    <subfield code="r">2013-11-18 00:00:00</subfield>
    <subfield code="w">2013-11-18</subfield>
    <subfield code="y">BK</subfield>
  </datafield>
</record>
